La mise en valeur du Congo Belgue (Record no. 81820)

MARC details
000 -LEADER
campo de control de longitud fija 00808nam a2200217 i 4500
001 - NÚMERO DE CONTROL
campo de control 81820
003 - IDENTIFICADOR DE NÚMERO DE CONTROL
campo de control ES-MaACL
005 - FECHA Y HORA DE LA ÚLTIMA TRANSACCIÓN
campo de control 20250407063106.0
007 - CAMPO FIJO DE DESCRIPCIÓN FÍSICA--INFORMACIÓN GENERAL
campo de control de longitud fija t|
008 - DATOS DE LONGITUD FIJA--INFORMACIÓN GENERAL
campo de control de longitud fija 041108s1913 fr m ||||1| fre d
080 ## - NÚMERO DE LA CLASIFICACIÓN DECIMAL UNIVERSAL
Número de la Clasificación Decimal Universal 325(675)
100 1# - ENTRADA PRINCIPAL--NOMBRE DE PERSONA
Nombre de persona Ibáñez de Ibero, Carlos,
Títulos y otros términos asociados al nombre Marqués de Mulhacén,
Fechas asociadas al nombre 1888-1966
9 (RLIN) 151481
245 13 - MENCIÓN DEL TÍTULO
Título La mise en valeur du Congo Belgue
Resto del título : (etude de Geographie coloniale) /
Mención de responsabilidad, etc. Carlos Ibáñez de Ibero.
260 ## - PUBLICACIÓN, DISTRIBUCIÓN, ETC.
Lugar de publicación, distribución, etc. [Paris :
Nombre del editor, distribuidor, etc. s.n.,
Fecha de publicación, distribución, etc. 1913] (
Lugar de fabricación/manufactura Pithiviers :
Fabricante Domangé et Cie.)
300 ## - DESCRIPCIÓN FÍSICA
Extensión XII, 248 p. ;
Dimensiones 22 cm.
651 #4 - PUNTO DE ACCESO ADICIONAL DE MATERIA--NOMBRE GEOGRÁFICO
Nombre geográfico Congo (República Democrática)-
Subdivisión general Colonización.
9 (RLIN) 155231
651 #4 - PUNTO DE ACCESO ADICIONAL DE MATERIA--NOMBRE GEOGRÁFICO
Nombre geográfico Congo (República Democrática)-
Subdivisión general Descripción.
9 (RLIN) 155242
651 #4 - PUNTO DE ACCESO ADICIONAL DE MATERIA--NOMBRE GEOGRÁFICO
Nombre geográfico Bélgica-
Subdivisión general Colonias-
Subdivisión geográfica África.
9 (RLIN) 147628
852 ## - LOCALIZACIÓN
Ubicación ES-MaACL
Número de control de estantería C-1493
Holdings
Estatus retirado Estado de pérdida Estado de daño No para préstamo Biblioteca de origen Biblioteca actual Ubicación en estantería Fecha de adquisición Fuente de adquisición Total de préstamos Signatura topográfica completa Código de barras Visto por última vez Precio de reemplazo Tipo de ítem Koha
        Biblioteca del Ateneo de Madrid Biblioteca del Ateneo de Madrid Ficheros 17/01/2008     C-1493 1085519 23/02/2023 23/02/2023 Libro impreso